banner koha

Efeito do ensacamento e pulverização de frutos de gravioleira, frente à broca-do-fruto das anonáceas, Cerconota anonella (Lepidoptera: Oecophoridae) (Registro n. 219792)

MARC details
000 -LÍDER
campo de controle de tamanho fixo 00968nas a2200301 4500
001 - NÚMERO DE CONTROLE
campo de controle BR2012004157
003 - IDENTIFICADOR DO NÚMERO DE CONTROLE
campo de controle BR-BrBNA
005 - DATA E HORÁRIO DA ÚLTIMA TRANSAÇÃO
campo de controle 20231205120705.0
007 - CAMPO FIXO DE DESCRIÇÃO FÍSICA--INFORMAÇÃO GERAL
campo de controle de tamanho fixo ta
008 - CAMPO DE DADOS FIXOS--INFORMAÇÃO GERAL
campo de controle de tamanho fixo 230509b bl.|||p| |||| 00| 00por d
040 ## - FONTE DA CATALOGAÇÃO
Instituição da catalogação original BR-BrBNA
Idioma da catalogação por
Instituição que transcreveu o registro Biblioteca Nacional de Agricultura
041 ## - CÓDIGO DE IDIOMA
Código do idioma do texto/trilha sonora ou título diferente (Pt)
072 ## - CÓDIGO DE CATEGORIA DE ASSUNTO
Código de Categoria de Assunto H10
100 1# - ENTRADA PRINCIPAL--NOME PESSOAL
Nome pessoal Brito, E. dos A.
100 1# - ENTRADA PRINCIPAL--NOME PESSOAL
Nome pessoal Bittencourt, M.A.L.
100 1# - ENTRADA PRINCIPAL--NOME PESSOAL
Nome pessoal Oliveira, R.A.
100 1# - ENTRADA PRINCIPAL--NOME PESSOAL
Nome pessoal Ferraz, M.I.F.
100 1# - ENTRADA PRINCIPAL--NOME PESSOAL
Nome pessoal Moura, J.I.L.
245 1# - TÍTULO
Título Efeito do ensacamento e pulverização de frutos de gravioleira, frente à broca-do-fruto das anonáceas, Cerconota anonella (Lepidoptera: Oecophoridae)
650 ## - ASSUNTO--TERMO TÓPICO
Cabeçalho tópico ou nome geográfico GRAVIOLA
650 ## - ASSUNTO--TERMO TÓPICO
Cabeçalho tópico ou nome geográfico BROCA DO FRUTO
650 ## - ASSUNTO--TERMO TÓPICO
Cabeçalho tópico ou nome geográfico PULVERIZAÇÃO
650 ## - ASSUNTO--TERMO TÓPICO
Cabeçalho tópico ou nome geográfico NIM
773 0# - ENTRADA ANALÍTICA
Título Agrotrópica (Brazil)
ISSN - International Standard Serial Number ISSN 0103-3816
Partes relacionadas (Sep-Dec 2010), v. 22(3) p. 171-176
Número de controle do registro BR2012004157
856 40 - LOCALIZAÇÃO ELETRÔNICA E ACESSO
Caminho Link DSPACE/MAPA BR2012004157
909 ## -
-- 202311
-- Lúcia
-- 55
-- Lúcia Elande
942 ## - ELEMENTOS DE ENTRADA ADICIONADOS (KOHA)
Fonte da classificação ou esquema de arquivamento na estante Classificação AGRIS
Ocultar no OPAC Não
Tipo de material Koha Analítica
Exemplares
Situação do descarte Fonte da classificação ou esquema de arquivamento na estante Situação física Não pode ser emprestado Biblioteca de origem Biblioteca atual Localização na estante Enumeração do periódico / cronologia Total de empréstimos Data de último acesso Número do exemplar Tipo de material Koha Fonte de aquisição
  Classificação AGRIS   Consulta local Biblioteca Nacional de Agricultura - Binagri Biblioteca Nacional de Agricultura - Binagri   (Sep-Dec 2010), v. 22(3) p. 171-176   29/11/2023 01 Periódicos Portaria Interministerial nº 164/94

BINAGRI

Telefone: (61)3218-2567/2388/3357/2097 - binagri@agro.gov.br

Ministério da Agricultura e Pecuária , Esplanada dos Ministérios, Bloco D, Anexo B, Brasília/DF, CEP: 70.043-900